Biggest Cities in North Korea - Statistics

General Stats
  • This quiz has been taken 20 times
  • The average score is 7 of 20
Answer Stats
Population City % Correct
3,255,288 Pyongyang
100%
768,551 Hamhung
69%
363,127 Wonsan
69%
667,929 Chongjin
63%
366,815 Nampo
63%
308,440 Kaesong
50%
273,300 Haeju
38%
251,971 Kanggye
38%
196,954 Rason
38%
307,764 Sariwon
38%
192,680 Hyesan
25%
284,386 Pyongsong
25%
359,341 Sinujiu
25%
345,875 Tanchon
25%
207,299 Kimchaek
19%
196,515 Kusong
19%
240,117 Anju
13%
319,554 Kaechon
13%
297,317 Sunchon
13%
237,133 Tokchon
6%
No matching quizzes found
Score Distribution
Percent of People with Each Score
Percentile by Number Answered
Your Score History
You have not taken this quiz